| 000 | 00463pab a2200181 454500 | ||
|---|---|---|---|
| 008 | 180718b2012 xxu||||| |||| 00| 0 eng d | ||
| 100 | _aTripathy, K.K. | ||
| 245 | _aUnion budget 2012-13: A quick review from rural livelihood perspective | ||
| 260 | _c2012 | ||
| 300 | _ap.6-8. | ||
| 362 | _aApr | ||
| 650 | _aBudge - India | ||
| 650 | _aRural development - India | ||
| 650 | _aRural development | ||
| 773 | _aKurukshetra | ||
| 908 | _aN | ||
| 909 | _a96398 | ||
| 999 |
_c96398 _d96398 |
||